Vaahteraliigan joukkueet: logovisa - Statistics

Yleistilastot
  • Tätä visaa on pelattu 7 kertaa
  • Keskiarvotulos 5 / 9
Vastaustilastot
Kuvavisa Vastaus % Oikein
Helsinki Roosters
86%
Seinäjoki Crocodiles
86%
Porvoon Butchers
71%
Tampere Saints
71%
Wasa Royals
57%
East City Giants
43%
Helsinki Wolverines
43%
Kuopio Steelers
43%
Turku Trojans
43%
Ehtoja vastaavia visoja ei löytynyt
Tulosjakauma
Jokaisen tuloksen saaneiden osuus
Persentiili vastausten määrän mukaan
Tuloshistoriasi
Et ole pelannut tätä visaa